Loading...
| Science - Physics | 0 | 8 | 1 | 1 | 75 | 41 | 58.13 | 3 | 8 |
| Literature - European Literature | 0 | 7 | 0 | 0 | 70 | 49 | 80.57 | 2 | 7 |
| Philosophy | 0 | 7 | 1 | 2 | 65 | 47 | 87.00 | 2 | 7 |
| Science - Other Science | 0 | 6 | 1 | 1 | 55 | 11 | 62.17 | 2 | 6 |
| Science - Chemistry | 0 | 6 | 1 | 1 | 55 | 47 | 82.17 | 1 | 6 |
| Fine Arts - Classical Music | 0 | 5 | 0 | 2 | 50 | 70 | 111.40 | 0 | 5 |
| Fine Arts - Visual Fine Arts | 0 | 5 | 0 | 0 | 50 | 64 | 89.20 | 0 | 5 |
| Literature - American Literature | 0 | 5 | 0 | 2 | 50 | 98 | 122.00 | 1 | 5 |
| Mythology | 0 | 6 | 2 | 1 | 50 | 38 | 74.33 | 3 | 6 |
| Religion | 0 | 6 | 2 | 0 | 50 | 44 | 84.00 | 2 | 6 |
| Social Science | 0 | 6 | 2 | 1 | 50 | 70 | 85.17 | 2 | 6 |
| Science - Biology | 0 | 5 | 1 | 1 | 45 | 54 | 78.20 | 2 | 5 |
| History - American History | 0 | 5 | 1 | 1 | 45 | 40 | 80.00 | 1 | 5 |
| History - World History | 0 | 4 | 0 | 1 | 40 | 35 | 68.75 | 2 | 4 |
| History - Other History | 0 | 4 | 2 | 0 | 30 | 50 | 55.00 | 1 | 4 |
| Fine Arts - Other Fine Arts | 0 | 4 | 2 | 0 | 30 | 57 | 109.00 | 1 | 4 |
| Literature - British Literature | 0 | 4 | 2 | 1 | 30 | 54 | 99.50 | 0 | 4 |
| Other Academic | 0 | 2 | 0 | 0 | 20 | 63 | 72.50 | 2 | 2 |
| History - European History | 0 | 3 | 3 | 1 | 15 | 75 | 97.00 | 0 | 3 |
| Geography/Current Events | 0 | 2 | 2 | 2 | 10 | 126 | 129.00 | 0 | 2 |
| Literature - World/Other Literature | 0 | 1 | 1 | 0 | 5 | 101 | 101.00 | 1 | 1 |
| Pop Culture | 0 | 0 | 1 | 0 | -5 | 0.00 | 0 | 0 |